000 00351pab a2200157 454500
008 180718b2008 xxu||||| |||| 00| 0 eng d
100 _aSawant, P.B.
245 _aMy lords, the fundamentals are missing
260 _c2008
300 _ap.3-6.
362 _a15 Mar
650 _aDemocracy
773 _aMainstream
908 _aN
909 _a77489
999 _c77489
_d77489